Witness the night / (Record no. 3191)
[ view plain ]
| 000 -LEADER | |
|---|---|
| fixed length control field | 00311cam a2200121 4500 |
| 001 - CONTROL NUMBER | |
| control field | 3912 |
| 010 ## - LIBRARY OF CONGRESS CONTROL NUMBER | |
| LC control number | 2010319190 |
| 020 ## - INTERNATIONAL STANDARD BOOK NUMBER | |
| International Standard Book Number | 9788172239220 |
| 100 1# - MAIN ENTRY--PERSONAL NAME | |
| Personal name | Desai, Kishwar. |
| 245 10 - TITLE STATEMENT | |
| Title | Witness the night / |
| Statement of responsibility, etc. | Kishwar Desai. |
| 260 ## - PUBLICATION, DISTRIBUTION, ETC. | |
| Place of publication, distribution, etc. | Noida : |
| Name of publisher, distributor, etc. | Harper Collins Publishers India, |
| Date of publication, distribution, etc. | 2010. |
| 300 ## - PHYSICAL DESCRIPTION | |
| Extent | 213 p. ; |
| Dimensions | 21 cm. |
| Withdrawn status | Lost status | Source of classification or shelving scheme | Damaged status | Not for loan | Collection code | Home library | Current library | Shelving location | Date acquired | Serial Enumeration / chronology | Inventory number | Total Checkouts | Total Renewals | Full call number | Barcode | Date last seen | Date last checked out | Price effective from | Koha item type |
|---|---|---|---|---|---|---|---|---|---|---|---|---|---|---|---|---|---|---|---|
| Dewey Decimal Classification | Fiction | RTC Library | RTC Library | Fiction | 27/11/2018 | 6599 | 12 | 5 | FIC 813.54 DES | 30006270 | 23/09/2023 | 18/09/2023 | 27/11/2018 | Fiction |